[Event "Sarajevo 75/235"]
[Site "?"]
[Date "1999.??.??"]
[Round "?"]
[White "Shirov, Alexei"]
[Black "Kasparov, Garry"]
[Result "1/2-1/2"]
[WhiteElo "2726"]
[BlackElo "2812"]
[PlyCount "77"]
[EventDate "1999.??.??"]
[Source "ChessBase"]
[SourceDate "1999.02.01"]

1. e4 c5 2. Nf3 d6 3. d4 cxd4 4. Nxd4 Nf6 5. Nc3 a6 6. Be3 Ng4 7. Bg5 h6 8. Bh4 g5 9. Bg3 Bg7 10. Be2 h5 11. Bxg4 hxg4 12. O-O Nc6 13. Nf5 Bxc3 14. bxc3 Qa5 15. Qxg4 f6 16. Rab1 Qxc3 17. Rfd1 Ne5 18. Bxe5 Qxe5 19. g3 b5 20. c4 bxc4 21. Qf3 c3 22. Rbc1 Bb7 23. Qxc3 Bxe4 24. Nxd6+ exd6 25. Re1 d5 26. f3 Qxc3 27. Rxc3 Kf7 28. fxe4 Rhe8 29. Rc7+ Kg6 30. Rf1 dxe4 31. Rc6 Rf8 32. Re6 Rae8 33. Rfxf6+ Rxf6 34. Rxe8 Kf5 35. Kf2 Rh6 36. Rf8+ Ke5 37. Re8+ Kf5 38. Rf8+ Ke5 39. Re8+ 1/2-1/2

[Event "Sarajevo"]
[Site "?"]
[Date "2000.??.??"]
[Round "?"]
[White "Kasparov, Garry"]
[Black "Georgiev, Ki"]
[Result "1-0"]
[WhiteElo "2850"]
[BlackElo "2675"]
[PlyCount "67"]
[EventDate "2000.??.??"]
[Source "Chess Informant"]
[SourceDate "2000.02.01"]

1. e4 c5 2. Nf3 d6 3. d4 cxd4 4. Nxd4 Nf6 5. Nc3 a6 6. Be3 Nbd7 7. f3 g6 8. Qd2 b5 9. a4 bxa4 10. Nxa4 Bg7 11. Be2 Bb7 12. c4 O-O 13. O-O Nc5 14. b4 e5 15. bxc5 exd4 16. Bg5 Re8 17. cxd6 Qxd6 18. c5 Qc6 19. Bc4 Bc8 20. Nb6 Ra7 21. Rfc1 Nd7 22. Bd5 Qc7 23. Nc4 Qxc5 24. Na5 Qf8 25. Nc6 h6 26. Bh4 Rc7 27. Be7 Rxc6 28. Bxf8 Rxc1+ 29. Rxc1 Nxf8 30. Qf4 Be6 31. Rc7 Bxd5 32. exd5 f5 33. d6 Rd8 34. Qh4 1-0

[Event "Dortmund SPARKASSE"]
[Site "?"]
[Date "1999.??.??"]
[Round "?"]
[White "Adams Michael"]
[Black "Anand Viswanathan"]
[Result "1/2-1/2"]
[WhiteElo "2716"]
[BlackElo "2781"]
[PlyCount "54"]
[EventDate "1999.??.??"]
[Source "www.chesslib.no"]
[SourceDate "2004.05.04"]

1. e4 c5 2. Nf3 d6 3. d4 cxd4 4. Nxd4 Nf6 5. Nc3 a6 6. Be3 Ng4 7. Bc1 Nf6 8. Be3 Ng4 9. Bg5 h6 10. Bh4 g5 11. Bg3 Bg7 12. Be2 h5 13. Bxg4 hxg4 14. O-O Nc6 15. Nf5 Bxc3 16. bxc3 Qa5 17. Qxg4 f6 18. Qf3 Ne5 19. Bxe5 Qxe5 20. h3 d5 21. Rab1 dxe4 22. Ng7+ Kf7 23. c4 Rh7 24. Rfd1 Be6 25. a4 Bf5 26. Rb4 Rc8 27. Rb5 Rc5 1/2-1/2

[Event "Mondiale 2007"]
[Site "Città del Messico MES"]
[Date "2007.09.29"]
[Round "14"]
[White "Svidler, Peter"]
[Black "Grischuk, Alexander"]
[Result "1-0"]
[WhiteElo "2735"]
[BlackElo "2726"]
[PlyCount "83"]
[EventDate "2007.09.13"]
[Source "www.chesslib.no"]
[SourceDate "2004.05.04"]

1. e4 c5 2. Nf3 d6 3. d4 cxd4 4. Nxd4 Nf6 5. Nc3 a6 6. Be3 Ng4 7. Bg5 h6 8. Bh4 g5 9. Bg3 Bg7 10. h3 Ne5 11. Nf5 Bxf5 12. exf5 Nbc6 13. Nd5 e6 14. fxe6 fxe6 15. Ne3 Qa5+ 16. c3 Nf3+ 17. Qxf3 Bxc3+ 18. Kd1 Qa4+ 19. Nc2 Bxb2 20. Rc1 Bxc1 21. Qf6 Kd7 22. Kxc1 Qxa2 23. Bd3 Rac8 24. Rd1 d5 25. Bf5 Rhe8 26. Qf7+ Kd8 27. Re1 Qa3+ 28. Nxa3 Ne5+ 29. Kd2 Nxf7 30. Bxe6 Rc6 31. Bxf7 Rxe1 32. Kxe1 b5 33. Kd2 b4 34. Nc2 b3 35. Nd4 Rb6 36. Kc1 a5 37. Bxd5 a4 38. Be5 b2+ 39. Kb1 a3 40. Ba2 Rb7 41. Bd6 Rd7 42. Nb5 1-0